Members of Red Velvet (Kpop) - Statistics

General Stats
  • This quiz has been taken 2,851 times
  • The average score is 5 of 5
Answer Stats
Answer % Correct
Irene
99%
Joy
97%
Wendy
97%
Seulgi
96%
Yeri
94%
No matching quizzes found
Score Distribution
Percent of People with Each Score
Percentile by Number Answered
Your Score History
You have not taken this quiz